000
00304nam a22001337a 4500
020
_a
9781405282123
040
_c
NUST
082
_a
823-CH
_b
FIN
100
_a
Pankhurst, Kate
_9
123005
245
_a
Big Red Baloon
260
_a
UK:
_b
Dean,
_c
2012.
650
_a
Big Red Baloon
_9
123006
942
_2
ddc
_c
BK
999
_c
609345
_d
609345